000 00677nam a2200193Ia 4500
003 GCL
008 140319s9999 xx 000 0 ara d
040 _aGCL /
_cGCL
082 0 4 _a658.31
_bم م
100 1 _aمحمد عبدالغنى الشيخ
245 1 0 _aمهارات بناء الفريق: TEAM BUILDING SKILLS كيف تكون فريق العمل /
_cمحمد عبدالغنى الشيخ
300 _a136 ص
490 _aمجموعة مهارات تطوير الاداء
_v0
650 0 4 _aادارة الاعمال
650 0 4 _aتوصيف الوظائف
650 0 4 _aادارة الافراد
650 0 4 _aالعلاقات الوظيفية
942 _2ddc
_cBK
999 _c49675
_d49675